Chansons de Ninho - Statistiques

Statistiques générales
  • Ce quiz a été pris 729 fois
    608 depuis la dernière actualisation
  • Le résultat moyen est 43 sur 128
Statistiques - réponses
Albums Titres % Correct
Jefe Jefe
84%
Destin La vie qu'on mène
76%
M.I.L.S M.I.L.S
74%
Destin Goutte d'eau
68%
M.I.L.S 3.0 Lettre à une femme
67%
Destin Maman ne le sait pas
64%
Destin | Jefe Outro
63%
Ils sont pas au courant, vol.1 | Jefe | M.I.L.S 3.0 Intro
62%
Destin Putana
60%
Comme prévu Rose
59%
Jefe VVS
59%
M.I.L.S 2.0 M.I.L.S 2.0
58%
M.I.L.S Dis-moi que tu m'aimes
57%
Comme prévu Mamacita
56%
Comme prévu Comme prévu
53%
M.I.L.S 3.0 ZIpette
53%
M.I.L.S 3.0 M.I.L.S 3
52%
M.I.L.S 3.0 Le jeu
50%
Destin NI
49%
M.I.L.S 3.0 Tout en Gucci
48%
M.I.L.S 2.0 Fendi
47%
M.I.L.S 3.0 Filon
47%
M.I.L.S Malcolm
47%
M.I.L.S 2.0 Un Poco
47%
Comme prévu De l'autre côté
46%
Destin Money
45%
Destin À Kinshasa
44%
Comme prévu Elle m'a eu
43%
NI Eurostar
43%
M.I.L.S Sourire
43%
Jefe Aïcha
42%
M.I.L.S Elle a mal
42%
Destin Jeune Lossa
42%
M.I.L.S 2.0 Vrais
42%
Destin Jusqu'à minuit
41%
Destin La vivance
41%
Comme prévu Roro
41%
Jefe Vérité
41%
Destin Paris c'est magique
40%
Destin Sans peine
40%
Destin Jamais
39%
Jefe Sky priority
39%
Destin Tokarev
37%
Jefe Arme de poing
36%
Comme prévu Dita
35%
M.I.L.S 3.0 La puerta
35%
NI No love
35%
M.I.L.S 2.0 Bavard
34%
Destin L'ancien
34%
M.I.L.S Soleil
34%
Comme prévu Laisse pas traîner ton fils
33%
Jefe La maison que je voulais
33%
Jefe Mood
33%
M.I.L.S 3.0 Promo
33%
Destin Big Pac
32%
Comme prévu Chino
32%
M.I.L.S 3.0 En chien
32%
M.I.L.S 2.0 44
31%
M.I.L.S Monotonie
31%
Jefe OG
31%
M.I.L.S Pour nous
31%
M.I.L.S 2.0 Violet
31%
Jefe Athéna
30%
M.I.L.S 2.0 Bob
30%
Comme prévu Carbozo
30%
M.I.L.S 2.0 Coffrer
30%
M.I.L.S 2.0 Pavé
30%
Comme prévu Pourquoi
30%
M.I.L.S Tout ira mieux
30%
M.I.L.S 3.0 Centre commercial
29%
Comme prévu Lové
29%
Destin Zéro paluche
29%
M.I.L.S 3.0 C'était le rap
28%
M.I.L.S Crésus
28%
Comme prévu HLM ou Palace
28%
M.I.L.S 3.0 Kitchen
28%
NI La vie de Johnny
28%
M.I.L.S 3.0 Toutes les couleurs
28%
Jefe YSL
28%
NI Blue story
27%
M.I.L.S 3.0 Every day
27%
M.I.L.S 3.0 Millésimes
27%
NI 25 G
26%
NI Bad
26%
M.I.L.S Bitch Dab
26%
Comme prévu Ce soir
26%
M.I.L.S 3.0 Mac 11
26%
M.I.L.S 2.0 Mama No Cry
26%
Jefe RER D
26%
NI Grands ensembles
25%
M.I.L.S 3.0 Gros vendeurs
25%
M.I.L.S 2.0 Toutes options
25%
M.I.L.S 3.0 Bali
24%
M.I.L.S La Roma
24%
M.I.L.S 2.0 PGP
24%
M.I.L.S 3.0 Problèmes du matin
24%
NI Bon qu'à ça
23%
M.I.L.S 2.0 Chacun son tour
23%
NI Branché sur snap
22%
NI Chiraq
22%
Jefe No Life
22%
NI Rich Porter
22%
M.I.L.S 3.0 Tu sais qu'on est gang
22%
M.I.L.S Somnambule
21%
M.I.L.S Ttr
21%
NI Edouard Nahum
20%
M.I.L.S 3.0 Mauvais djo
20%
M.I.L.S 3.0 Privilège
20%
NI Yo moko oyebi
20%
NI Respect
19%
NI Dans la peau
18%
NI Plus qu'eux
17%
Ils sont pas au courant, vol.1 Gangsta
8%
Ils sont pas au courant, vol.1 Clan des loups
7%
Ils sont pas au courant, vol.1 Mec de tess
7%
Ils sont pas au courant, vol.1 Debout
6%
Ils sont pas au courant, vol.1 Guerilla
5%
Ils sont pas au courant, vol.1 Le seum
5%
Ils sont pas au courant, vol.1 On s'arrache
5%
Ils sont pas au courant, vol.1 Pas me louper
5%
Ils sont pas au courant, vol.1 Dis-leur
4%
Ils sont pas au courant, vol.1 Faire des sous
4%
Ils sont pas au courant, vol.1 Frape atomic
4%
Ils sont pas au courant, vol.1 Loin de la street
4%
Ils sont pas au courant, vol.1 Automatic Music
1%
Aucun quiz correspondant
Distribution des résultats
% des personnes avec chaque résultat
Percentile par nombre de réponses
Votre historique - résultats
Vous n’avez pas pris ce quiz depuis la dernière actualisation